Red book amendment 9 (Record no. 107007)

MARC details
000 -LEADER
fixed length control field 01154cab a22002175a 4500
001 - CONTROL NUMBER
control field L138114
008 - FIXED-LENGTH DATA ELEMENTS--GENERAL INFORMATION
fixed length control field 070517e2007 xxk f 000 0 eng d
035 ## - SYSTEM CONTROL NUMBER
System control number (Sirsi) u138114
041 0# - LANGUAGE CODE
Language code of text/sound track or separate title eng
110 2# - MAIN ENTRY--CORPORATE NAME
Corporate name or jurisdiction name as entry element Royal Institution of Chartered Surveyors
9 (RLIN) 4900
240 ## - UNIFORM TITLE
Uniform title Red Book
245 00 - TITLE STATEMENT
Title Red book amendment 9
Medium [electronic resource]
260 ## - PUBLICATION, DISTRIBUTION, ETC.
Date of publication, distribution, etc. 2007
520 ## - SUMMARY, ETC.
Summary, etc. Reports significant amendments to the recent update of the Red Book, including amendments consequential on the removal of Appendix 3.1 (DRC valuations) and the movement of Appendix 3.2 (Reporting valuations under IFRS) to Appendix 5.3. PS 5.4, 5.5 and 5.6 have been rewritten to give a clearer explanation of the requirement for a DRC valuation to be reported as either 'subject to adequate profitability' or 'subject to the prospect of viability' in the private sector or public sector respectively.
590 ## - LOCAL NOTE (RLIN)
Local note KA
650 24 - SUBJECT ADDED ENTRY--TOPICAL TERM
Topical term or geographic name entry element RICS appraisal and valuation standards
651 #4 - SUBJECT ADDED ENTRY--GEOGRAPHIC NAME
Geographic name United Kingdom
Chronological subdivision
690 ## - LOCAL SUBJECT ADDED ENTRY--TOPICAL TERM (OCLC, RLIN)
Topical term or geographic name as entry element PROPERTY-PROPERTY APPRAISAL AND VALUATION
856 40 - ELECTRONIC LOCATION AND ACCESS
Uniform Resource Identifier <a href="https://www.rics.org/redbook">https://www.rics.org/redbook</a>
Public note View the item free of charge at www.rics.org/redbook...
942 ## - ADDED ENTRY ELEMENTS (KOHA)
Suppress in OPAC 0
Holdings
Withdrawn status Lost status Source of classification or shelving scheme Damaged status Not for loan Home library Current library Shelving location Date acquired Total Checkouts Full call number Barcode Date last seen Copy number Price effective from Koha item type
    Dewey Decimal Classification     Virtual Virtual Online 17/05/2007   ONLINE PUBLICATION 138114-2001 06/08/2019 1 06/08/2019 Book